[Event "Jm KP I 24-25 Kurim B - Loko Brno B"]
[Site "Kurim"]
[Date "2024.11.10"]
[Round "12.3"]
[White "Keprt, Tomas"]
[Black "Pribyl, Rene"]
[Result "1-0"]
[WhiteElo "1813"]
[BlackElo "1922"]
[PlyCount "41"]

1. e4 e5 2. Nf3 Nf6 3. Nc3 Nc6 4. Bc4 Nxe4 5. Nxe4 d5 6. Bxd5 Qxd5 7. d3 Bg4 8.
h3 Bxf3 9. Qxf3 Nd4 10. Nf6+ gxf6 11. Qxd5 Nxc2+ 12. Ke2 c6 13. Qc4 Nxa1 14.
Be3 Bg7 15. Rxa1 O-O 16. Qh4 Rfd8 17. Bh6 Bxh6 18. Qxh6 Rd6 19. Rc1 Rad8 20.
Rc3 b5 21. d4 1-0

[Event "Jm KP I 24-25 Kurim B - Loko Brno B"]
[Site "Kurim"]
[Date "2024.11.10"]
[Round "12.4"]
[White "Marsa, Alexandr"]
[Black "Kudla, Vladimir"]
[Result "0-1"]
[WhiteElo "1979"]
[BlackElo "1932"]
[PlyCount "34"]

1. d4 Nf6 2. c4 e6 3. Nc3 Bb4 4. Qc2 O-O 5. e3 b6 6. Bd3 Bb7 7. f3 c5 8. a3
cxd4 9. axb4 dxc3 10. bxc3 Nc6 11. e4 d5 12. cxd5 exd5 13. exd5 Qxd5 14. Ne2
Rfd8 15. Ba6 Bxa6 16. Rxa6 Rac8 17. O-O Nxb4 0-1

[Event "Jm KP I 24-25 Kurim B - Loko Brno B"]
[Site "Kurim"]
[Date "2024.11.10"]
[Round "12.5"]
[White "Dumkova, Daniela"]
[Black "Vesely, Jaromir"]
[Result "1-0"]
[WhiteElo "1928"]
[BlackElo "1941"]
[PlyCount "113"]

1. d4 e6 2. c4 d5 3. Nf3 f5 4. Ne5 Nf6 5. Nd2 c6 6. g3 Nbd7 7. Ndf3 Ne4 8. a3
Bd6 9. Bg2 O-O 10. O-O Qc7 11. Nxd7 Bxd7 12. c5 Be7 13. Bf4 Qd8 14. Qc2 g5 15.
Be5 Bf6 16. Bxf6 Qxf6 17. Ne5 Qg7 18. f3 Nf6 19. e4 f4 20. Bh3 dxe4 21. gxf4
exf3 22. fxg5 Nd5 23. Rxf3 Rxf3 24. Nxf3 Rf8 25. Qe4 Rf4 26. Qe2 Qg6 27. Kh1
Rf7 28. Ne5 Nf4 29. Qf3 Nxh3 30. Nxf7 Qxf7 31. Qxh3 e5 32. Qd3 Qd5+ 33. Kg1
exd4 34. h4 Bf5 35. Qd2 Qxc5 36. b4 Qe5 37. Rf1 Qg3+ 38. Qg2 Qe3+ 39. Qf2 Bg4
40. Re1 Qxf2+ 41. Kxf2 d3 42. Ke3 Be2 43. Rc1 Kf7 44. Rc4 Ke6 45. Re4+ Kd6 46.
Rf4 a5 47. Rf7 axb4 48. axb4 b5 49. Rxh7 Bg4 50. Rh6+ Kd5 51. Kxd3 c5 52. bxc5
Kxc5 53. Kc3 b4+ 54. Kb3 Bd1+ 55. Kb2 Bf3 56. Rf6 Bd5 57. g6 1-0

[Event "Jm KP I 24-25 Kurim B - Loko Brno B"]
[Site "Kurim"]
[Date "2024.11.10"]
[Round "12.6"]
[White "Vacekova, Anita"]
[Black "Shelest, Oleksii"]
[Result "0-1"]
[WhiteElo "1833"]
[BlackElo "1868"]
[PlyCount "50"]

1. e4 e5 2. Nf3 Nc6 3. Bb5 Bc5 4. c3 Nf6 5. d4 exd4 6. e5 Ne4 7. O-O d5 8. exd6
Nxd6 9. Re1+ Be6 10. Bxc6+ bxc6 11. Qa4 O-O 12. Qxc6 Bb6 13. cxd4 Nf5 14. Nc3
Nxd4 15. Nxd4 Qxd4 16. Be3 Qb4 17. Qb5 Qg4 18. a4 Rab8 19. Qe5 Rfe8 20. Bxb6
cxb6 21. Re4 Qg6 22. Rae1 Rbc8 23. Nb5 Rc5 24. Qd6 Qxe4 25. Rd1 Rd5 0-1

[Event "Jm KP I 24-25 Kurim B - Loko Brno B"]
[Site "Kurim"]
[Date "2024.11.10"]
[Round "12.7"]
[White "Bocek, Tadeas"]
[Black "Lisik, Miroslav"]
[Result "1-0"]
[WhiteElo "1898"]
[BlackElo "1835"]
[PlyCount "59"]

1. d4 Nf6 2. Nf3 g6 3. c4 Bg7 4. Nc3 O-O 5. Bg5 h6 6. Bh4 c5 7. e3 cxd4 8. exd4
g5 9. Bg3 d5 10. c5 Qa5 11. Qd2 Nc6 12. Be2 Bf5 13. O-O Ne4 14. Nxe4 dxe4 15.
Qxa5 Nxa5 16. Ne5 Nc6 17. Nxc6 bxc6 18. Be5 Rfd8 19. Rad1 Rd7 20. b4 f6 21.
Bc4+ Kh8 22. Bg3 Rb7 23. b5 Rc8 24. b6 Rd8 25. d5 Rbd7 26. Bc7 Rxc7 27. bxc7
Rc8 28. d6 exd6 29. cxd6 Bd7 30. Ba6 1-0

[Event "Jm KP I 24-25 Kurim B - Loko Brno B"]
[Site "Kurim"]
[Date "2024.11.10"]
[Round "12.8"]
[White "Stoudek, Michal"]
[Black "Pesl, Jan"]
[Result "0-1"]
[WhiteElo "1679"]
[BlackElo "1871"]
[PlyCount "52"]

1. c4 e5 2. Nc3 Nc6 3. e3 Nf6 4. Nf3 Bb4 5. g3 d6 6. Bg2 O-O 7. O-O h6 8. Qc2
Be6 9. b3 Bxc3 10. Qxc3 Ne4 11. Qb2 f5 12. d4 exd4 13. Nxd4 Nxd4 14. Qxd4 Qf6
15. Bb2 Qg6 16. Rad1 b6 17. g4 Rae8 18. gxf5 Bxf5 19. Kh1 Re5 20. f3 c5 21.
Qxe5 dxe5 22. fxe4 Bxe4 23. Rxf8+ Kxf8 24. Bxe4 Qxe4+ 25. Kg1 Qxe3+ 26. Kf1
Qf3+ 0-1

[Event "Jm KP I 24-25 Loko Brno B - Kurim A"]
[Site "?"]
[Date "2024.11.24"]
[Round "13.1"]
[White "Straka, Vojtech"]
[Black "Jordanov, Mihail"]
[Result "1-0"]
[WhiteElo "2195"]
[BlackElo "2015"]
[PlyCount "60"]

1. c4 c5 2. Nc3 Nc6 3. g3 g6 4. Bg2 Bg7 5. e3 e5 6. Nge2 Nge7 7. O-O d6 8. d3
h5 9. h4 Bg4 10. f3 Be6 11. e4 a6 12. a3 Rb8 13. Nd5 O-O 14. Bd2 b5 15. b3 Qd7
16. Rb1 bxc4 17. bxc4 Rxb1 18. Qxb1 Rb8 19. Qc2 Qb7 20. Bc3 Bxd5 21. cxd5 Nd4
22. Bxd4 exd4 23. f4 Qb2 24. Rc1 Qxa3 25. e5 Rb2 26. Qd1 Rxe2 27. exd6 Nf5 28.
d7 Bf6 29. Rxc5 Rxg2+ 30. Kxg2 Ne3+ 1-0

[Event "Jm KP I 24-25 Loko Brno B - Kurim A"]
[Site "?"]
[Date "2024.11.24"]
[Round "13.2"]
[White "Majer, Jiri"]
[Black "Wunsch, Radek"]
[Result "1/2-1/2"]
[WhiteElo "2150"]
[BlackElo "1953"]
[PlyCount "23"]

1. d4 Nf6 2. Nf3 c5 3. c4 cxd4 4. Nxd4 e5 5. Nf3 Nc6 6. Nc3 Bb4 7. Bd2 e4 8.
Ng5 Bxc3 9. Bxc3 e3 10. fxe3 O-O 11. Qd3 g6 12. O-O-O 1/2-1/2

[Event "Jm KP I 24-25 Loko Brno B - Kurim A"]
[Site "?"]
[Date "2024.11.24"]
[Round "13.3"]
[White "Pribyl, Rene"]
[Black "Petricek, Lukas"]
[Result "*"]
[WhiteElo "2064"]
[BlackElo "1922"]
[PlyCount "97"]

1. d4 Nf6 2. c4 e6 3. Nc3 d5 4. Nf3 Be7 5. Bf4 O-O 6. e3 c6 7. a3 Nbd7 8. c5
Ne4 9. Nxe4 dxe4 10. Nd2 e5 11. Bxe5 Nxe5 12. dxe5 Qd5 13. Qc2 Qxe5 14. Nxe4
Bf5 15. Bd3 Rad8 16. f3 Rxd3 17. Qxd3 Qxb2 18. O-O Bxc5 19. Rab1 Qxa3 20. Qxa3
Bxa3 21. Rxb7 Bxe4 22. fxe4 Bc5 23. Kf2 Re8 24. Rc1 Bb6 25. Rxc6 Rd8 26. Kf3 h6
27. Rc3 g6 28. Ke2 Re8 29. Rc4 Rd8 30. Re7 Kg7 31. Re5 Kf6 32. Rd5 Re8 33. Rc6+
Kg7 34. Kd3 h5 35. e5 Re7 36. h3 Kh6 37. e6 fxe6 38. Rdd6 h4 39. Rxe6 Rg7 40.
e4 Kg5 41. Kc4 Rg8 42. Kd5 Rg7 43. e5 Bc7 44. Rc4 Bb6 45. Kd6 Kf5 46. Rf6+ Kg5
47. Rg4+ Kh5 48. e6 Bc7+ 49. Kc6 *

[Event "Jm KP I 24-25 Loko Brno B - Kurim A"]
[Site "?"]
[Date "2024.11.24"]
[Round "13.4"]
[White "Parak, Dominik"]
[Black "Vesely, Jaromir"]
[Result "1-0"]
[WhiteElo "2027"]
[BlackElo "1941"]
[PlyCount "53"]

1. e4 e6 2. d4 d5 3. e5 f5 4. Nf3 c5 5. c3 Nc6 6. Be2 Nh6 7. O-O Nf7 8. a3 cxd4
9. cxd4 Be7 10. b4 O-O 11. Bb2 Kh8 12. Nc3 g5 13. Qd3 g4 14. Nd2 Rg8 15. Nb3
Qf8 16. Nb5 Qh6 17. Nc5 Qh5 18. Nc7 Ng5 19. f4 Nf3+ 20. Bxf3 gxf3 21. Qxf3 Qxf3
22. Rxf3 Bxc5 23. dxc5 Rb8 24. b5 Na5 25. Nxd5 Rd8 26. Nf6 Bd7 27. Rh3 1-0

[Event "Jm KP I 24-25 Loko Brno B - Kurim A"]
[Site "?"]
[Date "2024.11.24"]
[Round "13.5"]
[White "Pavlik, Vladimir"]
[Black "Hruza, Dominik"]
[Result "1-0"]
[WhiteElo "1928"]
[BlackElo "1958"]
[PlyCount "111"]

1. e4 d6 2. d4 Nf6 3. Nc3 e5 4. dxe5 dxe5 5. Qxd8+ Kxd8 6. Be3 Be6 7. f3 Bd6 8.
O-O-O Ke7 9. Nb5 a6 10. Nxd6 cxd6 11. Ne2 Rc8 12. Nc3 b5 13. Kb1 Nc6 14. g3 h6
15. Bg2 Na5 16. Rhe1 Nc4 17. Bd2 $10 17... Rab8 18. f4 Bg4 19. Ne2 b4 20. fxe5
dxe5 21. Bc1 Be6 22. b3 Nd6 23. Bb2 Nd7 24. Nc1 f6 25. Nd3 a5 26. Rd2 Nb5 27.
h3 Nc3+ 28. Bxc3 bxc3 29. Rf2 a4 30. Nc1 axb3 31. cxb3 Nc5 32. Rc2 Nxb3 33.
Nxb3 Bxb3 34. axb3 Rxb3+ 35. Kc1 Ra8 36. Kd1 Ra1+ 37. Ke2 Rb2 38. Rxa1 Rxc2+
39. Kf3 Kd6 40. Bf1 Kc5 41. Be2 Rd2 42. Ke3 Rd4 43. Rb1 Rd2 44. Rb5+ Kc6 45.
Rb3 45... Rc2 $10 46. h4 Kc5 47. h5 Kc6 48. Bd3 Rg2 49. Kf3 Rd2 50. Rxc3+ Kd6
51. Bc2 Rh2 52. Kg4 Rf2 53. Bb3 Kd7 54. Bf7 Ke7 55. Bg6 Kd7 56. Ra3 1-0

[Event "Jm KP I 24-25 Loko Brno B - Kurim A"]
[Site "?"]
[Date "2024.11.24"]
[Round "13.6"]
[White "Soucek, Andrej"]
[Black "Mikolas, Jakub"]
[Result "1/2-1/2"]
[WhiteElo "1972"]
[BlackElo "1783"]
[PlyCount "115"]

1. Nf3 Nf6 2. g3 d5 3. Bg2 c6 4. O-O Bg4 5. d3 e6 6. Nbd2 Nbd7 7. c4 Be7 8. a3
O-O 9. b4 a5 10. Rb1 axb4 11. axb4 Ra7 12. Bb2 Qc7 13. h3 Bxf3 14. Bxf3 Rfa8
15. b5 Nb6 16. Bxf6 gxf6 17. bxc6 bxc6 18. Qb3 Nd7 19. Rfc1 Qa5 20. Qd1 Ne5 21.
Bg2 Qd8 22. d4 Ng6 23. h4 Bd6 24. e3 Kh8 25. h5 Ne7 26. e4 Bc7 27. Qf3 f5 28.
exd5 cxd5 29. Nf1 Ra4 30. Ne3 Ra3 31. Rb7 Rb8 32. Rxb8 Qxb8 33. Qe2 Nc6 34. Nc2
Ra2 35. cxd5 Nxd4 36. Qd1 Nxc2 37. Rxc2 Qb3 38. Rc1 Qb2 39. Qe1 Qe5 40. Qxe5+
Bxe5 41. h6 Ra1 42. Rxa1 42... Bxa1 $10 43. d6 Be5 44. d7 Bc7 45. Kf1 Kg8 46.
Bc6 Kf8 47. Kg2 Bd8 48. Kh3 Ke7 49. Ba4 Kf6 50. g4 $10 50... fxg4+ 51. Kxg4 Kg6
52. f4 Kxh6 53. Bb3 Kg6 54. Bc2+ f5+ 55. Kg3 Kf7 56. Bb3 Bf6 57. Kh3 Ke7 58.
d8=N $10 1/2-1/2

[Event "Jm KP I 24-25 Loko Brno B - Kurim A"]
[Site "?"]
[Date "2024.11.24"]
[Round "13.7"]
[White "Lisik, Miroslav"]
[Black "Horak, Bronislav"]
[Result "0-1"]
[WhiteElo "1929"]
[BlackElo "1835"]
[PlyCount "64"]

1. e4 Nf6 2. e5 Nd5 3. c4 Nb6 4. d4 d6 5. exd6 exd6 6. Nf3 Bg4 7. h3 Bh5 8. Nc3
Nc6 9. Be3 Be7 10. b3 O-O 11. Be2 f5 12. d5 Bxf3 13. Bxf3 Bf6 14. Rc1 Ne5 15.
O-O Nbd7 16. Be2 a6 17. Bf4 g5 18. Bxe5 Bxe5 19. Bd3 g4 20. f4 Bd4+ 21. Kh2 Be3
22. Rc2 Qh4 23. Ne2 Rae8 24. b4 Rf6 25. Qe1 Qh6 26. Qg3 Nf8 27. Rf3 Ba7 28. c5
Rg6 29. Re3 gxh3 30. Rxe8 Rxg3 31. Rxf8+ Kxf8 32. Kxg3 h2 0-1

[Event "Jm KP I 24-25 Loko Brno B - Kurim A"]
[Site "?"]
[Date "2024.11.24"]
[Round "13.8"]
[White "Krupica, Pavel"]
[Black "Stoudek, Michal"]
[Result "1/2-1/2"]
[WhiteElo "1919"]
[BlackElo "1679"]
[PlyCount "107"]

1. d4 c6 2. e4 d6 3. Nf3 Nf6 4. Bd3 Bg4 5. O-O Nbd7 6. h3 Bh5 7. e5 dxe5 8. g4
e4 9. Bc4 exf3 10. gxh5 Qa5 11. Qxf3 Qxh5 12. Qxh5 Nxh5 13. Nc3 Nb6 14. Be2 Nf6
15. Bg5 Nfd5 16. Nxd5 Nxd5 17. c4 Nc7 18. Rfd1 h6 19. Bh4 Rd8 20. d5 cxd5 21.
cxd5 a6 22. Bf3 g5 23. Bg3 Nb5 24. d6 Nxd6 25. Bxd6 Rxd6 26. Bxb7 Bg7 27. Rxd6
exd6 28. Bxa6 Bxb2 29. Rb1 Bd4 30. Rb7 O-O 31. Bc4 Kg7 32. Rd7 Bc5 33. Kg2 Kg6
34. a4 f5 35. a5 Rb8 36. f3 Rb2+ 37. Kh1 Rb4 38. Be2 Ra4 39. a6 h5 40. Bb5 Ra1+
41. Kg2 Ra2+ 42. Kf1 Rf2+ 43. Ke1 Rxf3 44. Bc6 Ra3 45. Bb7 g4 46. hxg4 hxg4 47.
Rd8 g3 48. Kf1 f4 49. Rf8 Kg5 50. Rg8+ Kf5 51. Rf8+ Ke5 52. Re8+ Kd4 53. Re4+
Kc3 54. Rxf4 1/2-1/2

[Event "Jm KP I 24-25 Vyskov - Kurim B"]
[Site "?"]
[Date "2024.11.24"]
[Round "14.2"]
[White "Krena, Bohuslav"]
[Black "Cermak, Jan"]
[Result "1/2-1/2"]
[WhiteElo "1898"]
[BlackElo "2014"]
[PlyCount "44"]
[EventDate "2024.11.24"]

1. c4 g6 2. Nc3 Bg7 3. d4 f5 4. Nf3 Nf6 5. d5 O-O 6. g3 d6 7. Qc2 e5 8. dxe6
Bxe6 9. b3 c6 10. Bb2 Na6 11. Bg2 Nc5 12. O-O Qe7 13. Rad1 Rad8 14. Ba3 Nfe4
15. Nxe4 Nxe4 16. Bb2 d5 17. Bxg7 Kxg7 18. cxd5 Bxd5 19. e3 Qf6 20. Rc1 c5 21.
Rfd1 b6 22. Rd3 Rd6 1/2-1/2

[Event "Jm KP I 24-25 Vyskov - Kurim B"]
[Site "?"]
[Date "2024.11.24"]
[Round "14.3"]
[White "Kratochvil, Karel"]
[Black "Keprt, Tomas"]
[Result "0-1"]
[WhiteElo "2130"]
[BlackElo "1843"]
[PlyCount "76"]
[EventDate "2024.11.24"]

1. d4 d5 2. c4 c6 3. Nf3 Nf6 4. Nc3 e6 5. Bg5 Be7 6. e3 O-O 7. Qc2 Nbd7 8.
O-O-O dxc4 9. Bxc4 b5 10. Bd3 h6 11. Bf4 Nb6 12. e4 b4 13. Na4 Nxa4 14. Qxa4
Bd7 15. Qc2 a5 16. Qd2 b3 17. a3 h5 18. Kb1 c5 19. d5 exd5 20. exd5 c4 21. Bxc4
Ne4 22. Qe2 Bf5 23. Ka1 Bc5 24. Nd4 Bg6 25. f3 Qf6 26. Be3 Nd6 27. Bxb3 Rfe8
28. Rhe1 Rxe3 29. Qxe3 Nf5 30. Nxf5 Bxe3 31. Nxe3 Rb8 32. Nc4 Rxb3 33. Re8+ Kh7
34. d6 Bd3 35. d7 Bxc4 36. Rh8+ Kg6 37. Rd2 Rxa3+ 38. Kb1 Bd3+ 0-1

[Event "Jm KP I 24-25 Vyskov - Kurim B"]
[Site "?"]
[Date "2024.11.24"]
[Round "14.4"]
[White "Kudla, Vladimir"]
[Black "Zabloudil, Radek"]
[Result "0-1"]
[WhiteElo "1838"]
[BlackElo "1938"]
[PlyCount "100"]
[EventDate "2024.11.24"]

1. e4 c5 2. c3 g6 3. Nf3 Bg7 4. Be2 Nf6 5. d3 Nc6 6. O-O d6 7. h3 O-O 8. Be3 b5
9. Nbd2 b4 10. a3 Bb7 11. axb4 cxb4 12. cxb4 Nxb4 13. Rxa7 Rxa7 14. Bxa7 Qd7
15. Be3 Rb8 16. d4 Nxe4 17. Qb1 Nxd2 18. Nxd2 Bd5 19. b3 Qb7 20. Bf3 Bxf3 21.
Nxf3 Nd5 22. Nd2 Qb4 23. Qb2 Nc3 24. Re1 Nb5 25. Nf3 e6 26. Ra1 d5 27. Ra4 Qd6
28. Qa1 Rc8 29. Ra8 Qc6 30. Rxc8+ Qxc8 31. Qa5 Nc3 32. b4 Qb8 33. Qc5 Ne4 34.
Qa5 Bf8 35. b5 Nd6 36. Bf4 Qxb5 37. Qd8 Qe8 38. Qb6 Nc4 39. Qb7 Bg7 40. Ne5
Nxe5 41. Bxe5 Bxe5 42. dxe5 Qa4 43. Qc8+ Kg7 44. Qc3 Qe4 45. Qg3 h6 46. f3 Qe3+
47. Kf1 d4 48. Qe1 Qxe1+ 49. Kxe1 f6 50. f4 g5 0-1

[Event "Jm KP I 24-25 Vyskov - Kurim B"]
[Site "?"]
[Date "2024.11.24"]
[Round "14.5"]
[White "Rozumek, Vlastimil"]
[Black "Shelest, Oleksii"]
[Result "0-1"]
[WhiteElo "1931"]
[BlackElo "1868"]
[PlyCount "84"]
[EventDate "2024.11.24"]

1. d4 Nf6 2. Nf3 e6 3. Bg5 Be7 4. e3 d5 5. Nbd2 c5 6. c3 Nc6 7. Bxf6 Bxf6 8.
dxc5 Bd7 9. Qc2 a5 10. a4 Rc8 11. Rb1 O-O 12. Be2 e5 13. O-O Ne7 14. b4 b6 15.
cxb6 Qxb6 16. b5 Bf5 17. e4 dxe4 18. Nxe4 Nd5 19. Bd3 Bxe4 20. Bxe4 Nxc3 21.
Bxh7+ Kh8 22. Bf5 Rc5 23. Rbc1 Re8 24. Be4 Rec8 25. Rce1 Rc4 26. Bc6 e4 27.
Rxe4 Rxe4 28. Bxe4 Rc4 29. Re1 Rxa4 30. Bc6 g6 31. h4 Ra2 32. Re8+ Kg7 33. Qxa2
Nxa2 34. h5 Nb4 35. hxg6 Nxc6 36. gxf7 Kxf7 37. Re3 Qxb5 38. g3 Nd4 39. Nh2
Ne2+ 40. Kg2 Qd5+ 41. Kf1 Nxg3+ 42. Rxg3 Qh1+ 0-1

[Event "Jm KP I 24-25 Vyskov - Kurim B"]
[Site "?"]
[Date "2024.11.24"]
[Round "14.6"]
[White "Rubes, Pavel"]
[Black "Hejny, Jaroslav"]
[Result "1/2-1/2"]
[WhiteElo "1912"]
[BlackElo "1992"]
[PlyCount "42"]
[EventDate "2024.11.24"]

1. d4 d5 2. c4 e6 3. Nc3 Nf6 4. Bg5 Be7 5. e3 h6 6. Bh4 O-O 7. Nf3 b6 8. Bd3
Bb7 9. O-O c5 10. Qe2 Nc6 11. dxc5 bxc5 12. Rfd1 Nb4 13. cxd5 Nbxd5 14. Rac1
Qa5 15. Nxd5 exd5 16. b3 Rfd8 17. Bb1 Rac8 18. Ne5 Qb4 19. f4 Re8 20. Bf5 Rcd8
21. Qc2 Qb6 1/2-1/2

[Event "Jm KP I 24-25 Vyskov - Kurim B"]
[Site "?"]
[Date "2024.11.24"]
[Round "14.8"]
[White "Cihal, Jan"]
[Black "Pukowietz, Patrik"]
[Result "1/2-1/2"]
[WhiteElo "1778"]
[BlackElo "1658"]
[PlyCount "83"]
[EventDate "2024.11.24"]

1. Nf3 d5 2. g3 c5 3. Bg2 Nc6 4. O-O e5 5. d3 Be7 6. c3 Be6 7. Qc2 h6 8. Nbd2
Nf6 9. e4 dxe4 10. dxe4 Qd7 11. Re1 O-O 12. Nf1 Rfd8 13. Ne3 b5 14. Bf1 a6 15.
b3 Rac8 16. Bb2 Nd4 17. Qd1 Nxf3+ 18. Qxf3 Ne8 19. Rad1 Qb7 20. c4 f6 21. Nd5
Nd6 22. Rd2 Rd7 23. Red1 Bxd5 24. exd5 Bd8 25. Bh3 f5 26. Bxe5 Ne4 27. Re2 g6
28. Qf4 Bg5 29. Qf3 Re8 30. Ba1 Rde7 31. Bf1 Qd7 32. Qd3 h5 33. f4 Bf6 34. Bxf6
Nxf6 35. Rde1 b4 36. Bg2 Kf7 37. h3 Rxe2 38. Rxe2 Qd6 39. Rxe8 Nxe8 40. Qe3 Qe7
41. Qe5 Qd6 42. Kf2 1/2-1/2

[Event "Jm KP I 24-25 Lipovec - TJ Sloup"]
[Site "?"]
[Date "2024.11.24"]
[Round "15.1"]
[White "Krejci, Petr"]
[Black "Pokladnik, Martin"]
[Result "1/2-1/2"]
[WhiteElo "1918"]
[BlackElo "2054"]
[PlyCount "54"]

1. e4 c5 2. Nf3 e6 3. Nc3 Nc6 4. d4 cxd4 5. Nxd4 Nf6 6. a3 Be7 7. Be2 O-O 8.
O-O d6 9. Be3 Bd7 10. f4 a6 11. Bf3 Qc7 12. g4 Nxd4 13. Bxd4 e5 14. Be3 exf4
15. Bxf4 Qb6+ 16. Kh1 Qxb2 17. Qd3 Rac8 18. Bd2 Qb6 19. Rab1 Qa7 20. Be3 Qb8
21. e5 Nxg4 22. Rxb7 Nxe5 23. Rxb8 Nxd3 24. Rxc8 Rxc8 25. Nd5 Rxc2 26. Nxe7+
Kf8 27. Nd5 Ne5 1/2-1/2

[Event "Jm KP I 24-25 Lipovec - TJ Sloup"]
[Site "?"]
[Date "2024.11.24"]
[Round "15.2"]
[White "Bohacek, Milan"]
[Black "Sekanina, Jiri"]
[Result "1/2-1/2"]
[WhiteElo "1998"]
[BlackElo "1987"]
[PlyCount "62"]

1. e4 c5 2. Nc3 e6 3. Nge2 a6 4. d4 cxd4 5. Nxd4 Qc7 6. Be2 Nf6 7. Qd3 Be7 8.
f4 Nc6 9. e5 Nxe5 10. fxe5 Qxe5 11. Nf3 Qc7 12. Be3 b5 13. O-O-O Bb7 14. Bd4 d6
15. Bxf6 gxf6 16. Ne1 O-O-O 17. Bf3 d5 18. g3 Kb8 19. Rf1 f5 20. Ng2 h5 21. Nf4
h4 22. Kb1 hxg3 23. hxg3 Bd6 24. Nce2 Be5 25. Rh1 Rxh1 26. Rxh1 Rh8 27. Rxh8+
Bxh8 28. c3 Be5 29. a3 Bc6 30. Qe3 Bd6 31. Nd4 Bb7 1/2-1/2

[Event "Jm KP I 24-25 Lipovec - TJ Sloup"]
[Site "?"]
[Date "2024.11.24"]
[Round "15.3"]
[White "Slouka, Lukas"]
[Black "Sevcik, Leos"]
[Result "1/2-1/2"]
[WhiteElo "1947"]
[BlackElo "2001"]
[PlyCount "47"]

1. b3 Nf6 2. Bb2 b6 3. Nf3 Bb7 4. e3 e6 5. d4 d5 6. Bd3 Be7 7. O-O O-O 8. Nbd2
Nbd7 9. Rc1 c5 10. c4 Rc8 11. Qe2 Rc7 12. h3 Qc8 13. Rfd1 Rd8 14. Bb1 Ne4 15.
Nxe4 dxe4 16. Nd2 f5 17. g4 Bf6 18. Nf1 Nf8 19. Rd2 Ng6 20. gxf5 exf5 21. d5
Bxb2 22. Rxb2 Ne5 23. Nh2 Rd6 24. f4 1/2-1/2

[Event "Jm KP I 24-25 Lipovec - TJ Sloup"]
[Site "?"]
[Date "2024.11.24"]
[Round "15.4"]
[White "Moc, Roman"]
[Black "Flasar, Roman"]
[Result "1-0"]
[WhiteElo "1926"]
[BlackElo "1946"]
[PlyCount "63"]

1. e4 c5 2. Nf3 d6 3. Nc3 Nf6 4. d4 cxd4 5. Nxd4 a6 6. Be2 e5 7. Nf3 Be7 8. O-O
O-O 9. Bg5 Nbd7 10. Qd2 Nc5 11. Bxf6 gxf6 12. b4 Ne6 13. Nd5 b5 14. a4 bxa4 15.
Rxa4 Bb7 16. Rfa1 Bxd5 17. exd5 Nf4 18. Rxa6 Rxa6 19. Rxa6 Kh8 20. g3 Rg8 21.
Kf1 Nxe2 22. Qxe2 f5 23. b5 Bf6 24. c4 e4 25. Ne1 Bd4 26. Ng2 Qc7 27. Nf4 Rc8
28. Rc6 Qd7 29. Qh5 Ra8 30. Qh6 Be5 31. Nh5 Qe7 32. b6 1-0

[Event "Jm KP I 24-25 Lipovec - TJ Sloup"]
[Site "?"]
[Date "2024.11.24"]
[Round "15.5"]
[White "Sevcik, Milos"]
[Black "Skocik, Marek"]
[Result "1/2-1/2"]
[WhiteElo "1933"]
[BlackElo "1971"]
[PlyCount "75"]

1. e4 c5 2. c3 d5 3. exd5 Qxd5 4. d4 Nc6 5. Nf3 Bg4 6. Be2 cxd4 7. cxd4 e6 8.
Nc3 Bb4 9. O-O Bxc3 10. bxc3 Nge7 11. c4 Qd8 12. Be3 O-O 13. h3 Bh5 14. Qb3 Qa5
15. Rfd1 Rfd8 16. Rab1 Rd7 17. a4 Rad8 18. Qb5 Qxb5 19. Rxb5 Bg6 20. Rb2 f6 21.
Kf1 Nf5 22. d5 Nxe3+ 23. fxe3 Ne5 24. Nd4 exd5 25. Ne6 Rc8 26. cxd5 Nc4 27.
Bxc4 Rxc4 28. Rd4 Rxd4 29. Nxd4 Be4 30. Nb5 Rxd5 31. Nxa7 Ra5 32. Nb5 Rxa4 33.
Nd6 b5 34. Kf2 Bd3 35. Nxb5 Bxb5 36. Rxb5 Kf7 37. Kf3 Kg6 38. Rc5 1/2-1/2

[Event "Jm KP I 24-25 Lipovec - TJ Sloup"]
[Site "?"]
[Date "2024.11.24"]
[Round "15.6"]
[White "Balaz, Frantisek"]
[Black "Sevcik, David"]
[Result "1/2-1/2"]
[WhiteElo "1939"]
[BlackElo "1900"]
[PlyCount "46"]

1. e4 e5 2. Nf3 Nc6 3. Bc4 Bc5 4. d3 Nf6 5. Be3 Bb6 6. a4 d6 7. Nbd2 O-O 8. O-O
Be6 9. c3 Bxc4 10. Nxc4 Bxe3 11. fxe3 h6 12. b4 Nh7 13. Qb3 Ng5 14. Nxg5 Qxg5
15. Rf3 Rae8 16. Raf1 Nd8 17. Rf5 Qh4 18. b5 g6 19. R5f3 Kg7 20. Na5 Qe7 21.
Qd5 Qe6 22. Rf6 Qxd5 23. exd5 Re7 1/2-1/2

[Event "Jm KP I 24-25 Lipovec - TJ Sloup"]
[Site "?"]
[Date "2024.11.24"]
[Round "15.7"]
[White "Flasar, Jan"]
[Black "Helebrand, Zdenek"]
[Result "0-1"]
[WhiteElo "1690"]
[BlackElo "1891"]
[PlyCount "52"]

1. d4 Nf6 2. c4 g6 3. Nc3 Bg7 4. e4 d6 5. Nf3 O-O 6. Be2 e5 7. Be3 Ng4 8. Bg5
f6 9. Bc1 Nc6 10. O-O f5 11. dxe5 Ngxe5 12. exf5 Bxf5 13. a3 Qd7 14. Bg5 Be6
15. Nd5 Rae8 16. Qd2 Rxf3 17. gxf3 Nd4 18. Qd1 Bxd5 19. cxd5 Qh3 20. Kh1 Nexf3
21. Bxf3 Nxf3 22. Bf4 Be5 23. Qe2 Nxh2 24. f3 Nxf3+ 25. Bh2 Nxh2 26. Kg1 Bd4+
0-1

[Event "Jm KP I 24-25 Lipovec - TJ Sloup"]
[Site "?"]
[Date "2024.11.24"]
[Round "15.8"]
[White "Kotisa, Jan"]
[Black "Hubeny, Pavel"]
[Result "0-1"]
[WhiteElo "1809"]
[BlackElo "1720"]
[PlyCount "30"]

1. c4 e5 2. g3 Nf6 3. Bg2 c6 4. Nc3 Bb4 5. e3 Bxc3 6. bxc3 O-O 7. d4 Qa5 8. Qd2
d6 9. d5 c5 10. e4 Re8 11. Nf3 Nxe4 12. Qe3 Qxc3+ 13. Qxc3 Nxc3 14. Bb2 Na4 15.
Rb1 Bf5 0-1

[Event "Jm KP I 24-25 Orechov-Hustopece"]
[Site "?"]
[Date "2024.11.24"]
[Round "16.1"]
[White "Tlaskal, Martin"]
[Black "Markovic, Ivan"]
[Result "1-0"]
[WhiteElo "2111"]
[BlackElo "1976"]
[PlyCount "51"]

1. e4 d6 2. d4 Nf6 3. Nc3 e5 4. Nf3 Nbd7 5. Bc4 Be7 6. a4 O-O 7. O-O c6 8. h3
b6 9. Qe2 a6 10. Rd1 Qc7 11. Ba2 Bb7 12. Nh4 exd4 13. Rxd4 d5 14. exd5 Bc5 15.
Bf4 Qd8 16. Rd3 Nxd5 17. Nxd5 Qxh4 18. Ne7+ Bxe7 19. Bg3 Qg5 20. Rxd7 Bc5 21.
Qf3 Qg6 22. Rxb7 Qxc2 23. Bxf7+ Kh8 24. Be5 Rae8 25. Bxg7+ Kxg7 26. Bb3+ 1-0

[Event "Jm KP I 24-25 Orechov-Hustopece"]
[Site "?"]
[Date "2024.11.24"]
[Round "16.2"]
[White "Vaculik, Martin"]
[Black "Lakatos, Tomas"]
[Result "1-0"]
[WhiteElo "1958"]
[BlackElo "2055"]
[PlyCount "118"]

1. e4 c5 2. Nf3 Nc6 3. Bb5 e6 4. O-O Nge7 5. Re1 d6 6. d4 cxd4 7. Nxd4 e5 8.
Nf3 h6 9. Nc3 Be6 10. Ba4 g5 11. Bb3 Qd7 12. Nd5 Bg7 13. c3 O-O 14. Qd3 Ng6 15.
Be3 Kh8 16. Nd2 Nce7 17. Rad1 Nf4 18. Bxf4 gxf4 19. Nxe7 Qxe7 20. Bxe6 fxe6 21.
f3 Rad8 22. c4 Qc7 23. b3 Bf6 24. Re2 Rd7 25. Nb1 Rg8 26. Nc3 a6 27. Rc2 Bd8
28. Na4 Qc6 29. Qc3 Bc7 30. Rcd2 Bb8 31. Kh1 Kh7 32. Qd3 Ba7 33. Nc3 Be3 34.
Re2 Bd4 35. Nd5 Rg6 36. Nxf4 Rf6 37. Nd5 Rg6 38. Ne3 a5 39. Nc2 Bb6 40. Na3 Bc5
41. Nb5 Rdg7 42. Rf1 Rf7 43. a3 Qb6 44. Qd2 Rc7 45. Nxc7 Qxc7 46. b4 Bd4 47.
Qd3 Qb6 48. bxa5 Qxa5 49. Rb1 b6 50. f4 Qa4 51. fxe5 dxe5 52. Rf1 Qe8 53. Qf3
Kg7 54. a4 Qe7 55. Ra2 Rf6 56. Qxf6+ Qxf6 57. Rxf6 Kxf6 58. a5 bxa5 59. Rxa5
Kg5 1-0

[Event "Jm KP I 24-25 Orechov-Hustopece"]
[Site "?"]
[Date "2024.11.24"]
[Round "16.3"]
[White "Rehurek, Lukas"]
[Black "Hradek, Matyas"]
[Result "1-0"]
[WhiteElo "2112"]
[BlackElo "1949"]
[PlyCount "63"]

1. e4 e5 2. Nf3 Nc6 3. Bb5 a6 4. Ba4 Nf6 5. O-O b5 6. Bb3 Bc5 7. d3 d6 8. h3 h6
9. a4 Bb7 10. Nc3 b4 11. Ne2 O-O 12. Re1 Rb8 13. a5 Bc8 14. d4 Ba7 15. c3 Re8
16. Ng3 bxc3 17. bxc3 exd4 18. Ba4 Bd7 19. cxd4 Nb4 20. d5 Bxa4 21. Rxa4 Qd7
22. Be3 Bc5 23. Bxc5 dxc5 24. Ra3 Qb5 25. Qd2 c4 26. Nd4 Qc5 27. Rae3 Nbxd5 28.
Rf3 c3 29. Qd3 Rbd8 30. Nc2 Qe7 31. exd5 Rxd5 (31... Qxe1+ 32. Nxe1 Rxe1+ 33.
Kh2 Nxd5 34. Qc4 Rde8 35. Qxd5) 32. Rxe7 1-0